Lanean...

Sixty five years of the Indian economy :

Xehetasun bibliografikoak
Egile nagusia: Prasad, Chandra Shekhar
Beste egile batzuk: Shekhar, Himanshu
Formatua: Printed Book
Argitaratua: New Delhi, India : New Century Publication, 2013.
Gaiak:
LEADER 00917cam a22001935a 4500
020 |a 9788177083637 
020 |a 8177083635 
082 0 4 |a 338.954  |b PRA/SI 
100 |a Prasad, Chandra Shekhar. 
245 0 0 |a Sixty five years of the Indian economy : 
260 |a New Delhi, India :  |b New Century Publication,  |c 2013. 
300 |a lxiv, 760 p. ; 
500 |a "An exhaustive description and review of developments in the Indian economy since independence in 1947. 70 chapters grouped under 15 theme parts provide historical and contemporary account of problems, policies and strategies, achievements and future prospects of the Indian economy." 
650 0 |a Central planning 
700 1 |a Prasad, Chandra Shekhar. 
700 1 |a Shekhar, Himanshu. 
942 |c BK 
999 |c 1901  |d 1901 
952 |0 0  |1 0  |4 0  |6 338_954000000000000_PRA_SI  |7 0  |8 REF  |9 2753  |a KUFOS  |b KUFOS  |c REF  |d 2016-05-04  |o 338.954 PRA/SI  |p 18045  |r 2016-05-04  |w 2016-05-04  |y BK